| 000 | 01208nam a22002897a 4500 | ||
|---|---|---|---|
| 003 | DO-SdBNP | ||
| 005 | 20210513094408.0 | ||
| 008 | 210507b2020 dr | 00| 0 spa d | ||
| 020 | _a9789945503241 | ||
| 040 |
_aBPMSU _6spa _cBPMSU |
||
| 082 |
_aRD863.44 _bC957c 2018 _222 |
||
| 100 | 1 | _a Cruz Durán, Giovanny | |
| 245 | 1 | 0 |
_aCódices en las cortesías de mis libros / _cGiovanny Cruz Durán |
| 260 |
_aSanto Domingo: _bMinisterio de Cultura ; _bEditora Nacional _c2018 |
||
| 300 |
_a165 p. : _c21 cm. |
||
| 490 | 0 | _aNarrativa | |
| 500 | _3Incluyes datos Biográficos de autor el la solapa de la cubierta | ||
| 500 | _3Jurado : Nan Chevalier, Manuel Llibre y Fernando Berroa | ||
| 505 | _aTodas las vidas de un gato -- Identidad -- Me quedo con el atabal ! -- Examen de conciencia -- Un accidente en autopista -- Suplantación -- Esfumados -- Ajuste de cuentas -- En el fondo mar -- Códices en las cortesías de mis libros. | ||
| 586 | _aPremio Anual de Cuento José Ramón López 2017 | ||
| 590 | _6Inventariado, 2021/ VM | ||
| 650 | 4 |
_aCertamenes literarios _zRepública dominicana |
|
| 650 | 4 | _aCuentos dominicanos | |
| 650 | 4 | _aLiteratura dominicana | |
| 910 | _aVMateo | ||
| 942 |
_2ddc _cBK |
||
| 999 |
_c13488 _d13488 |
||